Statystyki dla Największe miasta Grenlandii

Kliknij tutaj aby rozwiązać quiz!

Ogólne statystyki

  • Ten quiz został rozwiązany 24 razy
  • Średni wynik to 2 z 10

Statystyki odpowiedzi

Liczba mieszkańcówMiasto% Poprawnych
16,454Nuuk
100%
3,142Aasiaat
17%
3,229Qaqortoq
11%
5,598Sisimiut
11%
4,541Ilulissat
6%
1,337Nanortalik
6%
1,515Paamiut
6%
2,670Maniitsoq
0%
1,503Narsaq
0%
2,017Tasiilaq
0%

Rozkład punktacji

Percentyl według liczby udzielonych odpowiedzi

Procent ludzi z każdym wynikiem

Twoja historia wyników

Nie rozwiązałeś tego quizu